| 000 | 00969naa a2200265 c 4500 | ||
|---|---|---|---|
| 001 | 37194 | ||
| 003 | ES-MaCES | ||
| 005 | 20150929131727.0 | ||
| 008 | 060915n2006 sp t 000 | spa d | ||
| 035 | _aCES20060014689v | ||
| 040 |
_aES-MaCES _bspa _cES-MaCES |
||
| 100 | 1 |
_aRamos Sánchez, Jorge _921726 |
|
| 245 | 1 | 3 |
_aLa incorporación de la mujer en los niveles directivos _b: Una valoración de la evolución de la gestión de RR.HH. en el último decenio _cJorge Ramos Sánchez |
| 650 | 4 |
_aEspaña _926964 |
|
| 650 | 4 |
_aigualdad de oportunidades en el empleo _930649 |
|
| 650 | 4 |
_aalta dirección _928192 |
|
| 650 | 4 |
_amujeres _928657 |
|
| 653 | 1 | 0 | _aMujer |
| 650 | 4 |
_928178 _aempresa |
|
| 650 | 4 |
_928371 _aactitud de la dirección |
|
| 773 | 0 |
_tDirigir personas _gn. 39 (jun. 2006){55/1038 R. 065248}; p. 47-49 _w(ES-MaCES)25991 _978911 |
|
| 902 | _aART Artículo de revista | ||
| 942 |
_2CES _cAR _h3.3. |
||
| 999 |
_c37194 _d37194 |
||